Statistics for Name that Basketballer #1

Click here to take the quiz!

General Stats

  • This quiz has been taken 153 times
  • The average score is 9 of 15

Answer Stats

Answer% Correct
Kobe Bryant
100%
Stephen Curry
99%
Joel Embiid
93%
Luka Doncic
91%
Jeremy Lin
88%
Larry Bird
87%
Jerry West
85%
Tristan Thompson
68%
JJ Redick
58%
Andrew Bogut
53%
Candace Parker
34%
Leandro Barbosa
16%
Jonny Flynn
15%
Andray Blatche
8%
Melo Trimble
7%

Score Distribution

Percentile by Number Answered

Percent of People with Each Score

Your Score History

You have not taken this quiz